Learning Resource and Development

Hotel, lodging, restaurant and resort management (Record no. 3559)

MARC details
000 -LEADER
fixed length control field 00875nam a22002897a 4500
005 - DATE AND TIME OF LATEST TRANSACTION
control field 20230512221851.0
008 - FIXED-LENGTH DATA ELEMENTS--GENERAL INFORMATION
fixed length control field 180420t xxu||||| |||| 00| 0 eng d
020 ## - INTERNATIONAL STANDARD BOOK NUMBER
International Standard Book Number 9788126161003
040 ## - CATALOGING SOURCE
Transcribing agency CSPC
082 0# - DEWEY DECIMAL CLASSIFICATION NUMBER
Classification number 647.94
Item number K155h
100 ## - MAIN ENTRY--PERSONAL NAME
Personal name Katare, Vipin
Relator term author.
245 00 - TITLE STATEMENT
Title Hotel, lodging, restaurant and resort management
Statement of responsibility, etc. Vipin Katare
250 ## - EDITION STATEMENT
Edition statement 1st
Remainder of edition statement edition
260 ## - PUBLICATION, DISTRIBUTION, ETC.
Place of publication, distribution, etc. India :
Name of publisher, distributor, etc. Anmol Publications,
Date of publication, distribution, etc. 2014.
300 ## - PHYSICAL DESCRIPTION
Extent 285 pages :
Dimensions 24 cm.
500 ## - GENERAL NOTE
General note Includes Bibliographical references and Index.
650 10 - SUBJECT ADDED ENTRY--TOPICAL TERM
Topical term or geographic name entry element Resorts
Form subdivision Management.
650 10 - SUBJECT ADDED ENTRY--TOPICAL TERM
Topical term or geographic name entry element Restaurant management.
650 10 - SUBJECT ADDED ENTRY--TOPICAL TERM
Topical term or geographic name entry element Tourism.
650 10 - SUBJECT ADDED ENTRY--TOPICAL TERM
Topical term or geographic name entry element Hospitality industry.
650 10 - SUBJECT ADDED ENTRY--TOPICAL TERM
Topical term or geographic name entry element Hotel management.
700 1# - ADDED ENTRY--PERSONAL NAME
Personal name Katare, Vipin
Relator term author.
940 ## - EQUIVALENCE OR CROSS-REFERENCE--UNIFORM TITLE [OBSOLETE] [CAN/MARC only]
Uniform title <a href="123">123</a>
942 ## - ADDED ENTRY ELEMENTS (KOHA)
Koha item type
-- CIR 647.94 K155h 2014
Holdings
Withdrawn status Lost status Damaged status Not for loan Home library Current library Shelving location Date acquired Total Checkouts Full call number Barcode Date last seen Date last checked out Copy number Price effective from Koha item type
        Main Library Main Library Circulation Section 05/12/2023 1 CIR 647.94 K155h 2014 015509 09/11/2023 08/24/2023 1 05/12/2023 Books